000 00536cab a22001935a 4500
001 L157940
008 130731e2013 xxk 000 0 eng d
035 _a(Sirsi) u157940
041 0 _aeng
100 1 _aBranson, Adam
245 0 0 _aTop 150 contractors & housebuilders
260 _c2013
490 _aBuilding
_v(278) 26 July 2013, 30-41(12)
520 _aReports the top 150 contractors and housebuilders over the past year
590 _aKA
650 2 4 _aCONTRACTOR, HOUSEBUILDING
651 4 _aUnited Kingdom
_y
942 _n0
999 _c84493
_d84493